000 00411nam a2200193Ia 4500
001 12302
003 GE_BSU
008 181216s||||||||xx |||||||||||||| ||und||
040 _cGE_BSU
080 _a821.111-32
100 _aWilson,Derek
245 4 _aThe Hellfire Papers
260 _aLondon
260 _bHeadline
260 _c1995
300 _a377p.18cm.
653 _aThe Hellfire Papers
942 _cBK
999 _c45477
_d45477